E-chíp : Tạp chí Công nghệ thông tin - viễn thông/

Đã lưu trong:
书目详细资料
企业作者: Báo Vietnamnet
格式: 杂志
语言:Vietnamese
出版: TPHCM: Báo Vietnamnet,
标签: 添加标签
没有标签, 成为第一个标记此记录!
Thư viện lưu trữ: Thư viện Trường Đại học Đà Lạt
LEADER 00523nam a2200217 4500
001 DLU090065106
040 # # |a DLU  |b fvie 
041 # # |a vie 
245 # # |a E-chíp :  |b Tạp chí Công nghệ thông tin - viễn thông/  |b Báo Vietnamnet 
260 # # |a TPHCM:  |b Báo Vietnamnet, 
300 # # |a tr.;  |c 28cm 
710 # # |a Báo Vietnamnet 
994 # # |a DLU 
900 # # |a True 
911 # # |a Nguyễn Thị Minh Cầm 
925 # # |a G 
926 # # |a A 
927 # # |a TT 
980 # # |a Thư viện Trường Đại học Đà Lạt